00200nam a2200085Ia 4500020001900000100001900019245002200038082001300060008004100073 a9781409577904" aPUNTER RUSSELL 0aLLAMAS IN PYJAMAS aEKF PUNT210805s9999 xx 000 0 und d